An atlas of Anglo-Saxon and Norman coin finds, c.973-1086 /
Saved in:
| Main Author: | |
|---|---|
| Corporate Author: | |
| Format: | Book |
| Language: | English |
| Published: |
London : Oxford :
Royal Numismatic Society ; Ashmolean Museum,
1998.
|
| Series: | Special publication (Royal Numismatic Society (Great Britain)) ;
no. 32. |
| Subjects: | |
| Tags: |
Add Tag
No Tags, Be the first to tag this record!
|
| LEADER | 01151cam a2200289Ia 4500 | ||
|---|---|---|---|
| 001 | 007777301-2 | ||
| 005 | 20020606104010.5 | ||
| 008 | 980505s1998 enk 000 0 eng d | ||
| 010 | |a gb 98034197 | ||
| 015 | |a GB98-34197 | ||
| 020 | |a 1854441108 | ||
| 035 | 0 | |a ocm39074423 | |
| 040 | |a UKM |c UKM |d UIU |d CUY |d HLS | ||
| 050 | 1 | 4 | |a CJ2490 |b .M47 1998 |
| 090 | |a CJ2490 |b .M47 1998 | ||
| 100 | 1 | |a Metcalf, D. M. |q (David Michael) | |
| 245 | 1 | 3 | |a An atlas of Anglo-Saxon and Norman coin finds, c.973-1086 / |c D.M. Metcalf. |
| 260 | |a London : |b Royal Numismatic Society ; |a Oxford : |b Ashmolean Museum, |c 1998. | ||
| 300 | |a xvi, 309 p. ; |c 28 cm. | ||
| 490 | 1 | |a Royal Numismatic Society. Special publication ; |v no. 32 | |
| 650 | 0 | |a Coins, Anglo-Saxon |v Catalogs. | |
| 655 | 7 | |a Catalogs. |2 fast | |
| 710 | 2 | |a Ashmolean Museum. | |
| 776 | 0 | 8 | |i Online version: |a Metcalf, D.M. (David Michael), 1933- |t Atlas of Anglo-Saxon and Norman coin finds, c.973-1086. |d London : Royal Numismatic Society ; Oxford : Ashmolean Museum, 1998 |w (OCoLC)605296657 |
| 830 | 0 | |a Special publication (Royal Numismatic Society (Great Britain)) ; |v no. 32. | |
| 988 | |a 20020608 | ||
| 906 | |0 OCLC | ||


